Vocabulaire Conduite FR -> EN - Statistiques

Statistiques générales
  • Ce quiz a été pris 2 fois
  • Le résultat moyen est 8 sur 26
Statistiques - réponses
Hint Réponse % Correct
Se garer Park
100%
Camion Truck
100%
Roue Wheel
100%
Frein, freiner Brake
50%
Vitesse Gear
50%
Grande route, route nationale Highway
50%
Voie, file Lane
50%
Parking Parking lot
50%
Contravention de stationnement (Parking) Ticket
50%
Panneau Sign
50%
Embouteillage (Traffic) Jam (= Taiblack)
50%
Pneu Tyre
50%
Amende, donner une amende à Fine
0%
Pédale de frein Foot brake
0%
Levier de vitesse Gear lever (= Gear shift)
0%
Céder le passage Give way (= Yield)
0%
Frein à main Handbrake
0%
Autoroute Motorway (= Freeway)
0%
Point mort Neutral
0%
Infraction, délit Offence
0%
Voie à sens unique One-way street
0%
Piéton, piétonnier Pedestrian
0%
Marche arrière Reverse gear
0%
Heure de pointe Rush hour
0%
Feux de signalisation (Traffic) Lights
0%
Fourgonnette, camionette Van
0%
Aucun quiz correspondant
Distribution des résultats
% des personnes avec chaque résultat
Percentile par nombre de réponses
Votre historique - résultats
Vous n’avez pas pris ce quiz